<?xml version="1.0" encoding="UTF-8"?>
<collection xmlns="http://www.loc.gov/MARC21/slim">
<record>
  <controlfield tag="001">2354</controlfield>
  <controlfield tag="005">20160701171704.0</controlfield>
  <datafield tag="037" ind1=" " ind2=" ">
    <subfield code="a">ASTROimport-511</subfield>
  </datafield>
  <datafield tag="100" ind1=" " ind2=" ">
    <subfield code="a">de Cuyper, J.-P.</subfield>
  </datafield>
  <datafield tag="260" ind1=" " ind2=" ">
    <subfield code="c">2000</subfield>
  </datafield>
  <datafield tag="245" ind1=" " ind2=" ">
    <subfield code="a">The Removal of Periodic Read-Out Patterns from Science Frames</subfield>
  </datafield>
  <datafield tag="520" ind1=" " ind2=" ">
    <subfield code="a">Bias frames taken with CCDs should be homogeneous in intensity. In practice, they fulfill this requirement often sufficiently well, although deviations from homogeneity may be detectable. However, sometimes a clear pattern is superposed on the frame, and this pattern may vary with time. Using a large number of bias frames obtained in one specific run, the time-dependent pattern was found to be built up of a fixed one-dimensional periodic function whose phase-shift varies from row to row. It was successfully removed from calibration and science frames through the use of pre- and upscan ``bias'' pixels available in each of these frames. </subfield>
  </datafield>
  <datafield tag="700" ind1=" " ind2=" ">
    <subfield code="a"> Hensberge, H.</subfield>
  </datafield>
  <datafield tag="773" ind1=" " ind2=" ">
    <subfield code="p">Astronomical Data Analysis Software and Systems IX</subfield>
    <subfield code="v">216</subfield>
    <subfield code="y">2000</subfield>
    <subfield code="c">535</subfield>
  </datafield>
  <datafield tag="856" ind1="4" ind2="2">
    <subfield code="a">http://esoads.eso.org/abs/2000ASPC..216..535D</subfield>
  </datafield>
  <datafield tag="905" ind1=" " ind2=" ">
    <subfield code="a">published in</subfield>
  </datafield>
  <datafield tag="980" ind1=" " ind2=" ">
    <subfield code="a">NONREF</subfield>
  </datafield>
</record>
</collection>